Seerat Al-Nabi: The life and times of the Great Prophet of Islam (Record no. 63169)
[ view plain ]
| 000 -LEADER | |
|---|---|
| fixed length control field | 00520nam a22001697a 4500 |
| 003 - CONTROL NUMBER IDENTIFIER | |
| control field | NUST - PNEC |
| 005 - DATE AND TIME OF LATEST TRANSACTION | |
| control field | 20170116180805.0 |
| 008 - FIXED-LENGTH DATA ELEMENTS--GENERAL INFORMATION | |
| fixed length control field | 150422b xxu||||| |||| 00| 0 eng d |
| 040 ## - CATALOGING SOURCE | |
| Transcribing agency | LIBRARY |
| 082 ## - DEWEY DECIMAL CLASSIFICATION NUMBER | |
| Classification number | 297.63 MAH |
| 100 ## - MAIN ENTRY--PERSONAL NAME | |
| 9 (RLIN) | 2939 |
| Personal name | Mahmud Brelvi |
| 245 ## - TITLE STATEMENT | |
| Title | Seerat Al-Nabi: The life and times of the Great Prophet of Islam |
| Remainder of title | Professor Dr. Mahmud Brelvi |
| 260 ## - PUBLICATION, DISTRIBUTION, ETC. | |
| Place of publication, distribution, etc. | Jamshoro, |
| Name of publisher, distributor, etc. | Institute of Sin dhology, |
| 300 ## - PHYSICAL DESCRIPTION | |
| Extent | 251 p. : |
| Dimensions | 22 cm. |
| 650 ## - SUBJECT ADDED ENTRY--TOPICAL TERM | |
| 9 (RLIN) | 2942 |
| Topical term or geographic name entry element | Islam, Prophet (PBUH) |
| General subdivision | General |
| 942 ## - ADDED ENTRY ELEMENTS (KOHA) | |
| Source of classification or shelving scheme | |
| Koha item type | Book |
| Withdrawn status | Lost status | Source of classification or shelving scheme | Damaged status | Not for loan | Permanent Location | Current Location | Shelving location | Date acquired | Source of acquisition | Cost, normal purchase price | Total Checkouts | Full call number | Barcode | Date last seen | Cost, replacement price | Price effective from | Koha item type |
|---|---|---|---|---|---|---|---|---|---|---|---|---|---|---|---|---|---|
| Pakistan Navy Engineering College (PNEC) | Pakistan Navy Engineering College (PNEC) | 05/20/1985 | Sasi Book Store/Library/Reference Grant | 75.00 | 297.63 MAH | PNECLIB-006404 | 04/22/2015 | 75.00 | 05/20/1985 | Book |
